| 000 | 01189nam a22003377a 4500 | ||
|---|---|---|---|
| 003 | CHAP | ||
| 005 | 20220329143550.0 | ||
| 008 | 100604s2008 mx a r 00010 spa d | ||
| 010 | _a98610 | ||
| 011 | _a99582 | ||
| 020 | _a9789680204687 | ||
| 035 | _a110268 | ||
| 040 | _cCHAP | ||
| 082 | 1 | 4 |
_a664.7 _bF66 2008 |
| 100 | 0 | 0 |
_aFlores Hernández, Arnoldo. _941580 |
| 245 | 1 | 0 |
_aManual de prácticas de laboratorio de tecnología de semillas _c/por Arnoldo Flores Hernández |
| 250 | _a2 ed | ||
| 260 |
_aChapingo, Méx. : _bUACH, Unidad Regional Universitaria de Zonas Áridas , _c2008 |
||
| 300 |
_a96 p. : _bilus.láminas tablas |
||
| 590 |
_aBATCH-UPD _b10 _c20130110 _lUCH01 _h1559 |
||
| 590 |
_aBATCH-UPD _b10 _c20130410 _lUCH01 _h0956 |
||
| 590 |
_aBATCH-UPD _b10 _c20130914 _lUCH01 _h1419 |
||
| 590 |
_aCONVERSION _b10 _c20130109 _lUCH01 _h1354 |
||
| 650 | 1 | 4 |
_aSemillas _xManuales de laboratorio. _9103912 |
| 650 | 1 | 4 |
_aSemillas _xTecnología. _9103932 |
| 901 | _aBK | ||
| 911 | _aen proceso | ||
| 942 | _cLIBRO | ||
| 949 |
_a664.7 F66 2008 _bBC _cLIBRO _d33724002217660 _eLIBRO _fc.2 _h113067 _i110268 _sb |
||
| 949 |
_a664.7 F66 _bBC _cUACH _d33724002173876 _eUACH _gI.c/e _h112777 _i110268 _sb |
||
| 999 |
_c98610 _d98610 |
||